ბათუმის შოთა რუსთაველის სახელმწიფო უნივერსიტეტის ბიბლიოთეკა

125 physics projects for the evil genius / (ბიბ.ჩანაწერი № 58740)

000 -LEADER
fixed length control field 01406cam a2200337 a 4500
001 - CONTROL NUMBER
control field 22340269
005 - DATE AND TIME OF LATEST TRANSACTION
control field 20220712115907.0
006 - FIXED-LENGTH DATA ELEMENTS--ADDITIONAL MATERIAL CHARACTERISTICS
fixed length control field m |o d |
007 - PHYSICAL DESCRIPTION FIXED FIELD--GENERAL INFORMATION
fixed length control field cr |||||||||||
008 - FIXED-LENGTH DATA ELEMENTS--GENERAL INFORMATION
fixed length control field 090123s2009 nyu o 001 0 eng
010 ## - LIBRARY OF CONGRESS CONTROL NUMBER
LC control number 2020754555
020 ## - INTERNATIONAL STANDARD BOOK NUMBER
International Standard Book Number 9780071626071
Qualifying information ebook
020 ## - INTERNATIONAL STANDARD BOOK NUMBER
Canceled/invalid ISBN 9780071621311 (alk. paper)
040 ## - CATALOGING SOURCE
Original cataloging agency DLC
Language of cataloging eng
Description conventions pn
Transcribing agency DLC
050 00 - LIBRARY OF CONGRESS CALL NUMBER
Classification number QC33
080 ## - UNIVERSAL DECIMAL CLASSIFICATION NUMBER
Universal Decimal Classification number 53 S-60
100 1# - MAIN ENTRY--PERSONAL NAME
Personal name Silver, Jerry.
9 (RLIN) 14372
245 10 - TITLE STATEMENT
Title 125 physics projects for the evil genius /
Statement of responsibility, etc. Jerry Silver.
246 30 - VARYING FORM OF TITLE
Title proper/short title One hunered twenty-five projects for the evil genius
260 ## - PUBLICATION, DISTRIBUTION, ETC.
Place of publication, distribution, etc. New York :
Name of publisher, distributor, etc. McGraw-Hill,
Date of publication, distribution, etc. c2009.
300 ## - PHYSICAL DESCRIPTION
Extent 1 online resource (xii, 340 p.)
500 ## - GENERAL NOTE
General note Includes index.
505 0# - FORMATTED CONTENTS NOTE
Formatted contents note Motion -- Going around in circles -- Gravity -- Force and Newton's laws -- Energy/momentum -- Sound and waves -- Light -- Hot and cold -- Electricity and magnetism -- The Earth -- The twentieth century.
588 ## - SOURCE OF DESCRIPTION NOTE
Source of description note Description based on print version record and CIP data provided by publisher; resource not viewed.
650 #0 - SUBJECT ADDED ENTRY--TOPICAL TERM
Topical term or geographic name entry element Physics
General subdivision Experiments.
9 (RLIN) 14373
650 #0 - SUBJECT ADDED ENTRY--TOPICAL TERM
Topical term or geographic name entry element ფიზიკა
9 (RLIN) 14370
776 08 - ADDITIONAL PHYSICAL FORM ENTRY
Relationship information Print version:
Title 125 physics projects for the evil genius
Place, publisher, and date of publication New York : McGraw-Hill, c2009.
International Standard Book Number 9780071621311 (alk. paper)
Record control number (DLC) 2009002373
906 ## - LOCAL DATA ELEMENT F, LDF (RLIN)
a 0
b cbc
c origcop
d 1
e ecip
f 20
g y-gencatlg
942 ## - ADDED ENTRY ELEMENTS (KOHA)
Source of classification or shelving scheme
Koha item type წიგნი
ეგზემპლარები
Withdrawn status Lost status Source of classification or shelving scheme Damaged status Not for loan Permanent Location Current Location Shelving location Date acquired Cost, normal purchase price Full call number Barcode Date last seen Copy number Price effective from Koha item type Public note
          ბათუმის შოთა რუსთაველის სახელმწიფო უნივერსიტეტის მთავარი ბიბლიოთეკა ბათუმის შოთა რუსთაველის სახელმწიფო უნივერსიტეტის მთავარი ბიბლიოთეკა წიგნსაცავი 2022-07-12 111.00 53 S-60 62976 2022-07-12 62976 2022-07-12 წიგნი 111 gel.